El derecho aduanero en el siglo XXI (Registro nro. 65114)

Detalles MARC
000 -ENCABEZADO
Número de control [NR] 00962nam a2200241Ia 4500
008 - DE LONGITUD FIJA DE DATOS DE ELEMENTOS - INFORMACIÓN GENERAL
Elementos de longitud fija [NR] 130821s2010 ck a gr spa
020 ## - NUMERO INTERNACIONAL NORMALIZADO PARA LIBROS [R]
Número Internacional Normalizado del libro [NR] 9789587380651
040 ## - FUENTE DE CATALOGACION [NR]
Agencia de catalogación original [NR] Co-BoUCM
Idioma de catalogación [NR] spa
041 00 - CODIGO DE IDIOMA [R]
Código de idioma para texto/pista de sonido o título separado [R] Español
245 03 - MENCION DE TITULO [NR]
Título [NR] El derecho aduanero en el siglo XXI
Mención de responsabilidad, etc. [NR] editor académico, Germán Pardo Carrero
260 ## - PUBLICACION, DISTRIBUCION, ETC. (PIE DE IMPRENTA) [R]
Lugar de publicación, distribución, etc. [R] Bogotá (Colombia)
Nombre del editor, distribuidor, etc. [R] Editorial Universidad del Rosario
Fecha de publicación, distribución, etc. [R] 2010
300 ## - DESCRIPCION FISICA [R]
Extensión [R] 661 páginas
Otros detalles físicos [NR] cuadros
490 #0 - MENCION DE SERIE [R]
Mención de serie [R] Colección Textos de Jurisprudencia
504 ## - NOTA DE BIBLIOGRAFIA, ETC. [R]
Nota de bibliografía, etc. [NR]
650 04 - ASIENTO SECUNDARIO DE MATERIA - TERMINO TEMATICO [R]
Término temático o nombre geográfico como elemento de entrada [NR] Aranceles de aduana
9 (RLIN) 9296
650 04 - ASIENTO SECUNDARIO DE MATERIA - TERMINO TEMATICO [R]
Término temático o nombre geográfico como elemento de entrada [NR] Derecho tributario
9 (RLIN) 12836
650 04 - ASIENTO SECUNDARIO DE MATERIA - TERMINO TEMATICO [R]
Término temático o nombre geográfico como elemento de entrada [NR] Legislación aduanera
9 (RLIN) 18325
700 1# - ASIENTO SECUNDARIO - NOMBRE PERSONAL [R]
Nombre personal [NR] Pardo Carrero, Germán
Término de relación [R]
710 2# - ASIENTO SECUNDARIO - NOMBRE CORPORATIVO [R]
Nombre corporativo o de jurisdicción como elemento de entrada [NR] Universidad Colegio Mayor de Nuestra Señora del Rosario.
Unidad subordinada [R] Facultad de Jurisprudencia
711 22 - ASIENTO SECUNDARIO - NOMBRE DE REUNION [R]
Nombre de la reunión o nombre de la jurisdicción como elemento de entrada [NR] El derecho aduanero en el siglo XXI (
Fecha de la reunión o firma del tratado [R] 2009 mar. 18-20
Lugar de la reunión [NR] Bogotá)
942 ## - ELEMENTOS DE ENTRADA AGREGADOS (KOHA)
Tipo de ítem principal el descrito en 300a Edición Rosarista
Sistema de clasificación DEWEY
Tema principal Derecho
Edición 1
Clasificación 343.056
Parte restante de la signatura top. D431
Existencias
Fecha de último préstamo Total préstamos Signatura topográfica Código de barras Última vez visto Ejemplar Price effective from Tipo de ítem Perdido Sistema de clasificación Dañado No prestable Tipo de ítem específico Suprimido Ubicación habitual Ubicación actual Localización Fecha de creación Forma de adquisición Costo Total Renewals
14/04/2010   343.056 D431 100104012 03/12/2025 Ej.2 03/02/2013 Edición Rosarista   DEWEY     Libro Edición Rosarista   Claustro Claustro 4to piso 28/02/2010 Memoria institucional 26000.00  
09/10/2019 33 343.056 D431 100104013 01/07/2026 Ej.3 03/02/2013 Libro   DEWEY     Libro   Claustro Claustro 3er piso 28/02/2010 Memoria institucional 26000.00 15
01/11/2024 52 343.056 D431 100104014 05/12/2025 Ej.4 03/02/2013 Libro   DEWEY     Libro   Claustro Claustro 3er piso 28/02/2010 Memoria institucional 26000.00 5